000 00514nam a2200193 4500
999 _c10921
_d10921
003 PK-NaQUE
005 20251017095913.0
008 251017b ||||| |||| 00| 0 eng d
020 _a007044529X
040 _cQUEST
082 _a629.25JAI
100 _aJain, K.K
245 _aAutomobile Engineering
260 _aNew Delhi:
_bTata McGraw-Hill,
_c2005.
300 _a509p. ;
650 _aAutomobile Engineering
856 _uhttp://10.10.170.122:8080/browse/book/22054
_yDownload eBook
942 _cBK
_2ddc